[Event "Coupe Niveau 3"]
[Site "www.echecsemail.com"]
[Date "2026.02.04"]
[Round "1"]
[White "Verson"]
[Black "Elghribi"]
[WhiteElo "1810"]
[BlackElo "1930"]
[Result "1-0"]
1.d4 Ng8f6
2.Ng1f3 g6
3.e3 Bf8g7
4.Bf1d3 O-O
5.Nb1d2 d6
6.O-O Nb8c6
7.c3 e5
8.a3 h6
9.e4 Nf6d7
10.d5 Nc6e7
11.b3 f5
12.c4 f4
13.Bc1b2 g5
14.h3 Ne7g6
15.c5 h5
16.cxd6 cxd6
17.Nf3h2 Nd7f6
18.Bd3e2 h4
19.Nh2g4 Nf6h7
20.Ra1c1 Bc8d7
21.Nd2c4 Bd7e8
22.a4 Nh7f6
23.Ng4xf6 Qd8xf6
24.Be2g4 Qf6e7
25.Bb2a3 Ra8d8
26.Bg4e6 Kh8
27.Qd1h5 { abandon }1-0

[Event "Défi( 10J+24H/c 10J Max )"]
[Site "www.echecsemail.com"]
[Date "2026.02.04"]
[Round "1"]
[White "Bertelsen"]
[Black "Hberlioz"]
[WhiteElo "1710"]
[BlackElo "1670"]
[Result "1-0"]
1.Ng1f3 d5
2.d4 Nb8c6
3.e3 Bc8f5
4.a3 Ng8f6
5.Bf1e2 e6
6.c3 Bf8d6
7.h3 Qd8d7
8.b3 e5
9.O-O Bf5xh3
10.dxe5 Nc6xe5
11.Nf3g5 Bh3xg2
12.Kxg2 Qd7c6
13.Ng5f3 Ne5g4
14.Nf3d4 Qc6d7
15.f3 Ng4h6
16.Nb1d2 O-O-O
17.b4 g5
18.c4 Rd8g8
19.c5 Bd6e7
20.Bc1b2 g4
21.c6 gxf3
22.Kxf3 Qd7g4
23.Kf2 Qg4g2
24.Ke1 Nf6e4
25.Nd2xe4 dxe4
26.Kd2 Rg8d8
27.Qd1a4 a6
28.cxb7 Kxb7
29.Qa4xa6 { abandon }1-0

[Event "Tournoi n27426"]
[Site "www.echecsemail.com"]
[Date "2026.02.04"]
[Round "1"]
[White "Geantvert"]
[Black "Burgman"]
[WhiteElo "1860"]
[BlackElo "1970"]
[Result "0-1"]
1.c4 e5
2.Nb1c3 Nb8c6
3.g3 f5
4.Bf1g2 Ng8f6
5.e3 d6
6.Ng1e2 g6
7.d4 e4
8.b3 Bf8g7
9.Bc1b2 O-O
10.a3 Bc8d7
11.d5 Nc6e5
12.Ne2d4 Ne5d3
{ abandon }0-1

[Event "Tournoi n27435"]
[Site "www.echecsemail.com"]
[Date "2026.02.04"]
[Round "1"]
[White "Tartu"]
[Black "Tiounet"]
[WhiteElo "1720"]
[BlackElo "1600"]
[Result "1-0"]
1.d4 b5
2.Ng1f3 Bc8b7
3.e3 a6
4.Bf1e2 g6
5.O-O Bf8g7
6.a3 Ng8f6
7.Nb1c3 O-O
8.h3 d6
9.Be2d3 Nb8d7
10.Bc1d2 c5
11.dxc5 Nd7xc5
12.b4 Nc5xd3
13.cxd3 Ra8c8
14.Ra1c1 Rf8e8
15.e4 Nf6d7
16.Rf1e1 Rc8c7
17.d4 Qd8a8
18.d5 Re8c8
19.Nc3a2 Nd7b6
20.Rc1xc7 Rc8xc7
21.Bd2e3 Nb6c4
22.Be3d4 Nc4xa3
23.Bd4xg7 Kxg7
24.Qd1d4 f6
25.Na2c1 Na3c2
26.Qd4b6 Rc7c4
27.Re1e2 Nc2xb4
28.Nc1b3 Nb4d3
29.Nb3a5 Nd3c5
30.Na5xc4 Qa8c8
31.Nc4d2 Nc5a4
32.Qb6a5 Na4c3
33.Re2e3 Nc3a4
34.g4 h5
35.Nf3h2 Na4c5
36.f3 hxg4
37.fxg4 g5
38.Nh2f3 Nc5a4
39.Kf2 Qc8c5
40.Ke2 Na4b2
41.Qa5c3 Nb2c4
42.Nd2xc4 bxc4
43.Nf3d2 a5
44.Qc3xc4 Qc5b6
45.Re3b3 Bb7a6
46.Rb3xb6 Ba6xc4
47.Nd2xc4 { abandon }1-0

[Event "Coupe Niveau 3"]
[Site "www.echecsemail.com"]
[Date "2026.02.04"]
[Round "1"]
[White "Verson"]
[Black "Patau"]
[WhiteElo "1810"]
[BlackElo "1670"]
[Result "0-1"]
1.d4 d5
2.Ng1f3 Ng8f6
3.e3 e6
4.Bf1d3 c5
5.c3 Bf8d6
6.Nb1d2 O-O
7.O-O cxd4
8.exd4 Nb8c6
9.Rf1e1 Qd8b6
10.Nf3e5 Bc8d7
11.Ne5xd7 Nf6xd7
12.Nd2f3 Ra8c8
13.Nf3g5 h6
14.Qd1h5 Nd7f6
15.Qh5h3 hxg5
16.Bc1xg5 Rf8e8
17.Bg5xf6 gxf6
18.b3 f5
19.Qh3h6 Nc6e7
20.Re1e3 Ne7g6
21.Re3h3 Bd6f4
22.Qh6h7 Kf8
23.g3 Bf4d2
24.Ra1d1 Bd2xc3
25.Qh7h6 Ke7
26.Qh6g5 Kd7
27.Rh3h7 Re8e7
28.Rd1f1 Qb6xd4
29.h4 Qd4xd3
{ abandon }0-1

[Event "Eq:O fou d hello-Avalon :"]
[Site "www.echecsemail.com"]
[Date "2026.02.04"]
[Round "1"]
[White "Pourquoipas"]
[Black "Junior1966"]
[WhiteElo "1640"]
[BlackElo "1510"]
[Result "1-0"]
1.f4 d5
2.Ng1f3 Nb8c6
3.e3 Ng8f6
4.Bf1e2 Bc8g4
5.O-O e6
6.b3 Bf8c5
7.Bc1b2 O-O
8.Qd1e1 d4
9.Nf3e5 Bg4xe2
10.Qe1xe2 Nc6xe5
11.fxe5 Nf6d5
12.Rf1f3 dxe3
13.dxe3 Qd8g5
14.Bb2d4 Bc5e7
15.Nb1d2 f6
16.Nd2e4 Qg5g6
17.Ne4c5 fxe5
18.Bd4xe5 Be7f6
19.Be5xf6 Nd5xf6
20.Nc5xe6 Rf8c8
21.Qe2c4 Qg6f7
22.e4 b5
23.Qc4c6 Qf7g6
24.Rf3g3 Qg6h6
25.h3 g6
26.Ra1f1 Qh6e3
27.Kh2 Qe3e2
28.Rf1xf6 a6
29.Qc6d7 Kh8
30.Qd7g7 1-0

[Event "ZGOUGOU"]
[Site "www.echecsemail.com"]
[Date "2026.02.04"]
[Round "1"]
[White "Intrigue"]
[Black "Casisimed"]
[WhiteElo "1760"]
[BlackElo "1620"]
[Result "0-1"]
1.e4 e5
2.Ng1f3 Nb8c6
3.Nb1c3 Ng8f6
4.Bf1c4 Bf8b4
5.d3 d6
6.Bc1d2 O-O
7.O-O Nc6a5
8.Bc4b5 c6
9.Bb5a4 b5
10.Ba4b3 Bc8g4
11.a3 Na5xb3
12.cxb3 Bb4xc3
13.bxc3 d5
14.exd5 cxd5
15.h3 Bg4h5
16.Bd2g5 e4
17.dxe4 Bh5xf3
18.Qd1xf3 dxe4
19.Qf3f4 h6
20.Bg5xf6 Qd8xf6
21.Qf4xf6 gxf6
22.f4 e3
23.Rf1e1 Rf8e8
24.Ra1d1 Re8e4
25.Rd1d4 Re4xd4
26.cxd4 Ra8d8
27.Re1xe3 Rd8xd4
28.g3 Rd4d1
29.Kf2 Rd1d2
30.Kf3 Rd2a2
31.b4 Ra2a1
32.h4 f5
33.Re3c3 Kg7
34.Rc3e3 Ra1f1
35.Kg2 Rf1a1
36.h5 Kf6
37.Kf3 Ra1f1
38.Kg2 Rf1c1
39.Re3d3 Rc1c2
40.Kf3 Rc2h2
41.g4 Rh2h3
42.Ke2 fxg4
43.Rd3xh3 gxh3
44.Kf2 Kf5
45.Kg3 f6
46.Kxh3 Kxf4
47.Kh4 Kf5
48.Kg3 Kg5
{ abandon }0-1

[Event "CHATURANGA"]
[Site "www.echecsemail.com"]
[Date "2026.02.04"]
[Round "1"]
[White "Mindthegap"]
[Black "Casisimed"]
[WhiteElo "1460"]
[BlackElo "1590"]
[Result "0-1"]
1.e4 e5
2.Ng1f3 Ng8f6
3.Bf1c4 Bf8c5
4.Nf3g5 O-O
5.g3 h6
6.h4 d5
7.exd5 Nf6xd5
8.Bc4xd5 Qd8xd5
9.Qd1f3 e4
10.Qf3e2 f6
11.Ng5xe4 Bc8f5
12.Nb1c3 Bf5xe4
13.Nc3xd5 Be4xd5
14.c4 Bd5xh1
15.Qe2e7 Bc5xe7
16.g4 Nb8c6
{ abandon }0-1

[Event "Tournoi n27382"]
[Site "www.echecsemail.com"]
[Date "2026.02.04"]
[Round "1"]
[White "Jyfsk"]
[Black "Verson"]
[WhiteElo "1760"]
[BlackElo "1860"]
[Result "0-1"]
1.e4 e6
2.d4 d5
3.e5 c5
4.c3 Nb8c6
5.Bc1e3 Qd8b6
6.Qd1d2 cxd4
7.cxd4 Bf8b4
8.Nb1c3 Ng8e7
9.Bf1b5 Bc8d7
10.Bb5xc6 Bd7xc6
11.Ng1f3 Bc6b5
12.a3 O-O
13.axb4 Bb5c4
14.Ra1a3 a6
15.Nc3a4 Qb6c7
16.Qd2c3 Ra8c8
17.b3 Bc4b5
18.Qc3xc7 Rc8xc7
19.Ra3a2 Ne7f5
20.Kd2 Nf5xe3
21.Kxe3 Rf8c8
22.Rh1d1 f6
23.exf6 gxf6
24.Na4c5 Kf7
25.g3 b6
26.Nc5xa6 Rc7c3
27.Kf4 Rc3xb3
28.Rd1d2 Rc8c3
29.Nf3e1 Rb3a3
30.Ra2xa3 Rc3xa3
31.Na6c7 Bb5c4
32.Rd2c2 Ra3b3
33.Rc2xc4 dxc4
34.Ne1c2 Rb3b2
35.Nc2a3 Rb2xb4
36.Nc7b5 c3
37.Ke3 Rb4b2
{ abandon }0-1

[Event "Eq:La Diagonale du Fou-Pirates du Mat :"]
[Site "www.echecsemail.com"]
[Date "2026.02.04"]
[Round "1"]
[White "Eltche"]
[Black "Mimimosa"]
[WhiteElo "2610"]
[BlackElo "2310"]
[Result "1/2-1/2"]
1.d4 d5
2.c4 dxc4
3.Nb1c3 Ng8f6
4.e4 e5
5.Ng1f3 exd4
6.Qd1xd4 Qd8xd4
7.Nf3xd4 Bf8c5
8.Nd4b5 Nb8a6
9.Bc1f4 c6
10.Nb5d6 Bc5xd6
11.Bf4xd6 Bc8e6
12.e5 Nf6d7
13.f4 O-O-O
14.Bf1e2 f6
15.b3 Na6c5
16.bxc4 b6
17.exf6 Nd7xf6
18.O-O-O Nf6e4
19.Nc3xe4 Nc5xe4
20.Bd6e5 Ne4f2
21.Rd1xd8 Rh8xd8
22.Rh1f1 Nf2d3
23.Be2xd3 Rd8xd3
24.Be5xg7 Be6xc4
25.Rf1f2 Kd7
{ nul }1/2-1/2

[Event "Tournoi n27435"]
[Site "www.echecsemail.com"]
[Date "2026.02.04"]
[Round "1"]
[White "Tiounet"]
[Black "Verson"]
[WhiteElo "1630"]
[BlackElo "1810"]
[Result "0-1"]
1.a3 d5
2.b4 Ng8f6
3.Bc1b2 e6
4.g3 Bf8d6
5.Bf1g2 e5
6.e3 Bc8f5
7.Ng1e2 O-O
8.d3 Qd8d7
9.O-O Bf5h3
10.Nb1d2 Nb8c6
11.c4 Bh3xg2
12.Kxg2 Qd7f5
13.cxd5 Nc6e7
14.e4 Qf5h5
15.Nd2f3 Ne7g6
16.Qd1b3 Qh5g4
17.Bb2c3 Nf6h5
18.Qb3b2 Nh5f4
19.Ne2xf4 Ng6xf4
20.Kg1 Qg4xf3
21.gxf4 Qf3xf4
22.Bc3d2 Qf4f3
23.Bd2c3 f5
24.Bc3xe5 Bd6xe5
25.Qb2xe5 Rf8f6
26.Ra1d1 Rf6g6
{ abandon }0-1

[Event "OAHU 2"]
[Site "www.echecsemail.com"]
[Date "2026.02.04"]
[Round "1"]
[White "Tartu"]
[Black "Brettsinclair"]
[WhiteElo "1730"]
[BlackElo "1910"]
[Result "0-1"]
1.e4 d6
2.Ng1f3 Ng8f6
3.Nb1c3 c5
4.Bf1e2 Bc8d7
5.O-O e5
6.h3 Bf8e7
7.d3 Nb8c6
8.Bc1e3 b6
9.a3 O-O
10.Ra1b1 Ra8b8
11.b4 cxb4
12.axb4 Rb8b7
13.b5 Nc6b8
14.Nf3d2 Qd8c7
15.Nc3a4 d5
16.exd5 Nf6xd5
17.Nd2e4 f5
18.Ne4g5 Nd5xe3
19.fxe3 Be7xg5
20.Be2f3 Bg5xe3
21.Kh1 Rf8f6
22.Bf3xb7 Qc7xb7
23.Qd1f3 Qb7xf3
24.Rf1xf3 Be3c5
25.Na4xc5 bxc5
26.c3 Bd7e8
27.c4 Nb8d7
28.Rb1a1 e4
29.dxe4 Nd7e5
30.Rf3xf5 Rf6xf5
31.exf5 Ne5xc4
32.Ra1xa7 Be8xb5
33.g4 Bb5c6
34.Kh2 Nc4e5
35.Ra7c7 Kf8
36.Kg3 c4
37.Kf4 Ne5d3
38.Ke3 Bc6b5
39.Kd4 Nd3f2
40.Rc7b7 Bb5c6
41.Rb7c7 Bc6g2
42.Rc7xc4 Bg2xh3
43.Ke3 Nf2xg4
44.Ke2 Bh3f1
45.Kxf1 Ng4e3
46.Kf2 Ne3xc4
{ abandon }0-1

[Event "Tournoi n27424"]
[Site "www.echecsemail.com"]
[Date "2026.02.04"]
[Round "1"]
[White "Nogean"]
[Black "Wenoketo"]
[WhiteElo "1660"]
[BlackElo "1700"]
[Result "1-0"]
1.c4 e5
2.Nb1c3 Nb8c6
3.Ng1f3 Bf8e7
4.g3 Ng8f6
5.Bf1g2 O-O
6.O-O a6
7.a3 d6
8.b4 Bc8e6
9.d3 Qd8d7
10.Nf3g5 h6
11.Ng5xe6 Qd7xe6
12.Nc3d5 Ra8c8
13.Nd5xf6 Be7xf6
14.Ra1b1 Rc8b8
15.Bc1e3 Rf8d8
16.Qd1d2 Nc6e7
17.a4 Ne7g6
18.b5 axb5
19.axb5 b6
20.Bg2d5 Qe6e8
21.Rb1a1 Qe8e7
22.Ra1a7 Ng6f8
23.Rf1a1 Nf8e6
24.Ra1a4 Rd8f8
25.Qd2a2 Qe7d8
26.Ra7a8 Rb8xa8
27.Ra4xa8 Qd8xa8
28.Bd5xa8 { abandon }1-0

[Event "Tournoi échelle champions"]
[Site "www.echecsemail.com"]
[Date "2026.02.04"]
[Round "1"]
[White "Elghribi"]
[Black "Domenico"]
[WhiteElo "1920"]
[BlackElo "1820"]
[Result "1-0"]
1.e4 e5
2.Ng1f3 d6
3.Bf1c4 Bf8e7
4.h3 Ng8f6
5.d3 O-O
6.c3 a6
7.Bc4b3 b5
8.O-O Bc8e6
9.Bb3c2 c5
10.Rf1e1 Nb8c6
11.Nb1d2 c4
12.d4 exd4
13.cxd4 Qd8d7
14.d5 Be6xh3
15.gxh3 Nc6b4
16.Bc2b1 Qd7xh3
17.Nf3h2 Nf6h5
18.Qd1f3 Qh3h4
19.Qf3g4 Nh5f4
20.Qg4xh4 Be7xh4
21.Nd2f3 Nf4g6
22.Nf3xh4 Ng6xh4
23.Bc1g5 Nh4g6
24.a3 Nb4d3
25.Bb1xd3 cxd3
26.Ra1d1 Ng6e5
27.Bg5e7 Rf8e8
28.Be7xd6 Ne5c4
29.Bd6f4 Nc4xb2
30.Rd1d2 Nb2c4
31.Rd2xd3 Ra8c8
32.Re1e2 f5
33.e5 h6
34.Bf4g3 g5
35.f4 gxf4
36.Bg3xf4 Rc8c7
37.Nh2f3 Rc7g7
38.Kf2 Kh7
39.d6 Re8g8
40.Nf3e1 Rg7g4
41.Kf3 Rg4h4
42.Re2h2 Rg8g4
43.Rh2xh4 Rg4xh4
44.d7 Rh4h3
45.Kg2 { abandon }1-0

[Event "Tournoi n27351"]
[Site "www.echecsemail.com"]
[Date "2026.02.04"]
[Round "1"]
[White "Zadkine1"]
[Black "Brettsinclair"]
[WhiteElo "1760"]
[BlackElo "1880"]
[Result "0-1"]
1.e4 e5
2.Ng1f3 Nb8c6
3.Nb1c3 Ng8f6
4.Bf1c4 Nf6xe4
5.Nc3xe4 d5
6.Bc4xd5 Qd8d6
7.c4 Qd6g6
8.d3 Bc8e6
9.Bd5xc6 bxc6
10.Qd1a4 Be6d7
11.Nf3xe5 Qg6xg2
12.Ne4g3 Bf8c5
13.Ne5g4 O-O
14.Ng4e3 Qg2f3
15.Qa4c2 Bc5d6
16.Bc1d2 Bd6xg3
17.Rh1f1 Bg3xh2
18.Bd2c3 Ra8e8
19.Kd2 Bd7h3
20.b4 Bh3xf1
21.Ra1xf1 Re8xe3
22.fxe3 Qf3xf1
23.Qc2d1 Qf1xd1
24.Kxd1 g5
25.a4 g4
26.d4 Rf8e8
27.Bc3d2 g3
{ abandon }0-1

[Event "Tournoi n27434"]
[Site "www.echecsemail.com"]
[Date "2026.02.04"]
[Round "1"]
[White "Katastrofic"]
[Black "Fouvolant"]
[WhiteElo "1470"]
[BlackElo "1460"]
[Result "0-1"]
1.e4 c5
2.Bf1c4 e6
3.a3 Nb8c6
4.h3 Ng8f6
5.d3 a6
6.Ng1f3 Qd8c7
7.Bc1g5 Bf8e7
8.Bg5xf6 Be7xf6
9.c3 O-O
10.O-O b5
11.Bc4a2 d6
12.Nb1d2 Bc8b7
13.Ra1b1 Rf8d8
{ abandon }0-1

[Event "2601"]
[Site "www.echecsemail.com"]
[Date "2026.02.04"]
[Round "1"]
[White "Qsdmlk"]
[Black "Katastrofic"]
[WhiteElo "1510"]
[BlackElo "1410"]
[Result "1-0"]
1.d4 d5
2.Bc1g5 f6
3.Bg5f4 e6
4.Ng1f3 Bf8d6
5.Bf4xd6 Qd8xd6
6.e3 Ng8e7
7.Bf1b5 Bc8d7
8.Nb1c3 Bd7xb5
9.Nc3xb5 Qd6b4
10.Nb5c3 O-O
11.Ra1b1 a6
12.O-O Qb4d6
13.Rf1e1 f5
14.Nf3e5 Nb8c6
15.Qd1h5 Nc6xe5
16.dxe5 Qd6xe5
17.Qh5g5 Qe5f6
18.Qg5f4 c5
19.Qf4c7 Ra8b8
20.Qc7xc5 Rb8c8
21.Qc5b4 b5
22.Re1d1 Ne7c6
23.Qb4f4 e5
24.Qf4f3 d4
25.exd4 e4
26.Qf3e3 Rf8e8
27.d5 f4
28.Qe3b6 Nc6b8
29.Qb6xf6 gxf6
30.d6 Rc8d8
31.Nc3d5 e3
32.Nd5xf6 Kf7
33.Nf6xe8 Rd8xe8
34.fxe3 Nb8d7
35.exf4 Re8e1
36.Rd1xe1 { abandon }1-0

[Event "EKRAVENTUPHILIE"]
[Site "www.echecsemail.com"]
[Date "2026.02.04"]
[Round "1"]
[White "Mindthegap"]
[Black "4x4"]
[WhiteElo "1440"]
[BlackElo "1480"]
[Result "0-1"]
1.e4 e5
2.Ng1f3 Ng8f6
3.Nf3xe5 d6
4.Ne5f3 Nf6xe4
5.d4 d5
6.Qd1e2 Qd8e7
7.Nb1c3 c6
8.Bc1e3 f5
9.Nf3e5 Nb8d7
10.Qe2h5 Kd8
11.Ne5f7 Kc7
12.Be3f4 Kb6
13.Nc3a4 Ka5
14.b3 g6
15.Bf4d2 Ne4xd2
16.Qh5e2 Qe7xe2
17.Bf1xe2 Nd2e4
18.Nf7xh8 Bf8g7
19.Nh8f7 b5
20.Na4b2 Bg7xd4
21.Ra1b1 Nd7e5
22.Nf7xe5 Bd4xe5
23.b4 Kxb4
24.Nb2d3 Ka5
25.Nd3xe5 Bc8b7
26.Rb1b3 Kb6
27.a4 a6
28.O-O c5
29.axb5 a5
30.Ne5d7 Kc7
31.Nd7e5 Ne4d2
32.b6 Kd6
33.Ne5f7 Ke6
34.Nf7g5 Kf6
35.Ng5xh7 Kg7
36.Rb3h3 Nd2xf1
37.Be2xf1 Ra8h8
38.Rh3e3 Rh8xh7
39.Re3e7 Kh6
40.Re7xh7 Kxh7
41.c3 c4
42.g3 Kg7
43.Bf1g2 Kf7
44.Bg2xd5 Bb7xd5
45.f4 a4
46.Kf2 a3
{ abandon }0-1

[Event "Défi"]
[Site "www.echecsemail.com"]
[Date "2026.02.04"]
[Round "1"]
[White "Katastrofic"]
[Black "Whisky"]
[WhiteElo "1380"]
[BlackElo "1320"]
[Result "0-1"]
1.e4 d5
2.Nb1c3 d4
3.Nc3b1 e5
4.d3 f6
5.h3 Bf8b4
6.Bc1d2 Qd8d6
7.Ng1f3 Ng8e7
8.a3 Bb4xd2
9.Nb1xd2 Nb8c6
10.Bf1e2 b6
11.c4 Bc8b7
12.b4 O-O-O
13.O-O g5
14.Nf3h2 h5
15.Be2xh5 f5
16.exf5 Ne7xf5
17.Bh5g4 Nc6e7
18.Bg4xf5 Ne7xf5
19.Qd1g4 Qd6f6
20.Nd2e4 Bb7xe4
21.dxe4 Rh8h4
22.Qg4xf5 Qf6xf5
23.f3 Qf5f7
24.Nh2g4 Qf7xc4
25.Ng4xe5 Qc4e6
26.Ne5g4 d3
27.Rf1d1 c5
28.bxc5 Qe6c4
29.cxb6 Qc4d4
30.Kh2 axb6
31.Rd1d2 Qd4xa1
{ abandon }0-1

[Event "Tournoi échelle champions"]
[Site "www.echecsemail.com"]
[Date "2026.02.04"]
[Round "1"]
[White "Burgman"]
[Black "Elghribi"]
[WhiteElo "1980"]
[BlackElo "1940"]
[Result "0-1"]
1.e4 d6
2.d4 Ng8f6
3.Nb1c3 g6
4.f4 Bf8g7
5.Ng1f3 O-O
6.Bf1d3 Nb8c6
7.O-O Nf6d7
8.Bc1e3 e5
9.fxe5 dxe5
10.d5 Nc6e7
11.Nc3e2 h6
12.Qd1d2 Kh7
13.c4 f5
14.Ne2c3 f4
15.Be3f2 g5
16.b4 Ne7g6
17.c5 Nd7f6
18.Kh1 Nf6g4
19.Ra1c1 Ng4xf2
20.Qd2xf2 h5
21.Rf1d1 g4
22.Nf3g1 h4
23.Qf2e1 Bg7h6
24.Rc1c2 f3
25.g3 hxg3
26.Qe1xg3 Bh6f4
27.Qg3f2 Ng6h4
28.Bd3f1 Qd8g5
29.Rd1d3 g3
30.hxg3 Bf4xg3
31.Qf2d2 Qg5h5
32.Ng1h3 Bc8xh3
33.Bf1xh3 Nh4g2
34.Kg1 Qh5xh3
35.Qd2g5 Qh3h2
{ abandon }0-1

[Event "Tournoi n27415"]
[Site "www.echecsemail.com"]
[Date "2026.02.04"]
[Round "1"]
[White "Estrafolis"]
[Black "Intrigue"]
[WhiteElo "1650"]
[BlackElo "1760"]
[Result "1-0"]
1.c4 f5
2.g3 g6
3.Bf1g2 Bf8g7
4.d4 c6
5.Nb1c3 e6
6.e3 Ng8f6
7.Ng1f3 d6
8.O-O O-O
9.Nf3g5 h6
10.Ng5f3 Kh7
11.Rf1e1 Nb8d7
12.e4 fxe4
13.Nc3xe4 d5
14.cxd5 exd5
15.Ne4g5 hxg5
16.Nf3xg5 Kg8
17.Ng5e6 Qd8b6
18.Ne6xf8 Kxf8
19.Qd1d3 c5
20.Qd3xg6 cxd4
21.Bg2xd5 Qb6d8
22.Qg6f7 1-0

[Event "Défi"]
[Site "www.echecsemail.com"]
[Date "2026.02.04"]
[Round "1"]
[White "Jenperlatete"]
[Black "Christian"]
[WhiteElo "1880"]
[BlackElo "1880"]
[Result "1-0"]
1.e4 d6
2.d4 Ng8f6
3.Nb1c3 Nb8d7
4.Bc1f4 g6
5.e5 Nf6h5
6.Qd1f3 Nh5xf4
7.Qf3xf4 Bf8g7
8.Ng1f3 dxe5
9.dxe5 O-O
10.O-O-O c6
11.Bf1c4 Qd8a5
12.Rd1d3 Nd7xe5
13.Nf3xe5 Bg7xe5
14.Qf4e3 Qa5c7
15.g3 Bc8f5
16.Nc3e4 Qc7b6
17.Rd3b3 Qb6a5
18.Rb3xb7 Ra8b8
19.Rb7xa7 Qa5b4
20.b3 Rf8d8
21.Ra7a4 Qb4b7
22.Ne4g5 Be5f6
23.Bc4xf7 Kh8
24.Ra4h4 h5
25.Ng5e6 Rd8d6
26.Qe3h6 1-0

[Event "Défi"]
[Site "www.echecsemail.com"]
[Date "2026.02.04"]
[Round "1"]
[White "Alain34"]
[Black "Tiounet"]
[WhiteElo "2070"]
[BlackElo "1650"]
[Result "1-0"]
1.e4 a6
2.d4 b5
3.f4 Bc8b7
4.Bf1d3 Ng8f6
5.Nb1d2 g6
6.Ng1f3 Bf8g7
7.O-O O-O
8.c3 d6
9.Qd1e1 Nb8d7
10.e5 dxe5
11.fxe5 Nf6d5
12.Nd2e4 c5
13.Qe1g3 cxd4
14.cxd4 Nd5b4
15.Bd3b1 Nd7b6
16.a3 Nb4c6
17.Bc1e3 Nb6c4
18.Be3c1 Nc6xd4
19.Qg3f2 Nd4xf3
20.Qf2xf3 Nc4xe5
21.Qf3e2 Bb7d5
22.Rf1d1 e6
23.Bb1a2 Ne5c4
24.Ra1b1 Qd8b6
25.Kh1 Rf8d8
26.b3 Nc4e3
27.Bc1xe3 Qb6c6
28.Rb1c1 Qc6b7
29.Ne4c5 Qb7e7
30.Qe2g4 Qe7f6
31.Be3g5 Qf6b2
32.Bg5xd8 Qb2xa2
33.Bd8a5 Qa2xa3
34.b4 Qa3e3
35.Nc5d7 Qe3b3
36.Nd7b6 Ra8d8
37.Nb6xd5 Rd8xd5
38.Ba5b6 Bg7b2
39.Rd1xd5 exd5
40.Bb6d4 Bb2xd4
41.Rc1c8 Kg7
42.Qg4xd4 Kh6
43.h3 Qb3g3
44.Rc8c3 Qg3e1
45.Kh2 Qe1e6
46.Qd4e3 Qe6xe3
47.Rc3xe3 f5
48.Re3d3 Kg5
49.Kg3 f4
50.Kf3 Kf5
51.Rd3xd5 Ke6
52.Rd5c5 g5
53.Ke4 h6
54.Rc5c6 Kd7
55.Rc6xh6 { abandon }1-0

[Event "Eq:Les enfants de l Atlantide-LES CHATTERBOX :"]
[Site "www.echecsemail.com"]
[Date "2026.02.04"]
[Round "1"]
[White "Chronik"]
[Black "Hberlioz"]
[WhiteElo "2240"]
[BlackElo "1650"]
[Result "1-0"]
1.e4 e5
2.Ng1f3 Nb8c6
3.d4 exd4
4.Nf3xd4 Ng8e7
5.Nb1c3 g6
6.Bc1e3 Bf8g7
7.Bf1c4 d6
8.O-O Nc6e5
9.Bc4e2 c5
10.Nd4b5 O-O
11.Qd1xd6 Qd8xd6
12.Nb5xd6 Ra8b8
13.Be3xc5 Bg7f6
14.Bc5xa7 Rb8a8
15.Ba7e3 Bc8e6
16.h3 Ra8b8
17.f4 Ne5c6
18.f5 Be6d7
19.fxg6 fxg6
20.Be2c4 Kg7
21.Ra1d1 Rb8d8
22.Nd6xb7 Rd8b8
23.Nb7c5 Bd7c8
24.Bc4e6 Bf6xc3
25.bxc3 Bc8xe6
26.Nc5xe6 Kg8
27.Ne6xf8 { abandon }1-0

[Event "Défi( 10J+24H/c 10J Max )"]
[Site "www.echecsemail.com"]
[Date "2026.02.04"]
[Round "1"]
[White "Asvel69"]
[Black "Sierra117"]
[WhiteElo "1750"]
[BlackElo "1650"]
[Result "1-0"]
1.e4 e5
2.c3 d6
3.Ng1f3 Nb8d7
4.a3 Ng8f6
5.d3 c6
6.Bf1e2 Bf8e7
7.h3 O-O
8.b4 a6
9.Nb1d2 b6
10.O-O Bc8b7
11.c4 d5
12.cxd5 cxd5
13.exd5 Nf6xd5
14.Bc1b2 Qd8b8
15.Ra1c1 Rf8c8
16.Nd2e4 h6
17.Rc1xc8 Bb7xc8
18.Qd1b3 Nd5f4
19.Ne4c3 Bc8b7
20.Bb2c1 Nf4xe2
21.Nc3xe2 Bb7xf3
22.gxf3 Qb8d6
23.Ne2g3 Qd6f6
24.Qb3d5 Ra8d8
25.Qd5e4 Be7f8
26.Ng3f5 Qf6g6
27.Kh2 f6
28.Rf1g1 Qg6h5
29.Nf5xh6 Kh8
30.Nh6f5 Qh5f7
31.Qe4h4 Kg8
32.Nf5h6 { abandon }1-0

[Event "Défi"]
[Site "www.echecsemail.com"]
[Date "2026.02.04"]
[Round "1"]
[White "Trebuchet"]
[Black "Jpjay"]
[WhiteElo "1869"]
[BlackElo "1660"]
[Result "1-0"]
1.d4 g6
2.e4 d5
3.exd5 Qd8xd5
4.c4 Qd5d7
5.Bc1e3 Bf8g7
6.Ng1f3 Ng8f6
7.Nb1c3 Nb8c6
8.Bf1d3 O-O
9.Ra1c1 Rf8e8
10.O-O e5
11.d5 Nc6d8
12.Bd3c2 e4
13.Nf3d4 c5
14.Bc2a4 Nd8c6
15.dxc6 bxc6
16.Ba4xc6 Qd7d6
17.Nc3b5 Qd6d8
18.Bc6xe8 Nf6xe8
19.Nd4b3 Qd8xd1
20.Rc1xd1 Bc8f5
21.Rd1d2 Bg7f8
22.Be3xc5 Bf5e6
23.Rd2c2 Bf8xc5
24.Nb3xc5 a6
25.Nb5d4 Ne8c7
26.Nc5xe4 Be6f5
27.Nd4xf5 gxf5
28.Ne4g3 Nc7e6
29.Ng3xf5 Ne6g7
30.Nf5xg7 Kxg7
31.c5 { abandon }1-0

[Event "Défi"]
[Site "www.echecsemail.com"]
[Date "2026.02.04"]
[Round "1"]
[White "Tartu"]
[Black "Roquefort"]
[WhiteElo "1730"]
[BlackElo "1880"]
[Result "1-0"]
1.f4 d5
2.Ng1f3 Ng8f6
3.d3 Bc8g4
4.Nb1d2 h6
5.h3 Bg4h5
6.e3 Bh5g6
7.Bf1e2 e6
8.O-O Bf8c5
9.d4 Bc5b6
10.a4 c6
11.b4 O-O
12.a5 Bb6c7
13.Nf3h2 b6
14.axb6 Bc7xb6
15.Nh2g4 Nf6e4
16.Nd2xe4 Bg6xe4
17.c4 Bb6c7
18.c5 Qd8h4
19.Qd1e1 Qh4e7
20.Be2f3 f5
21.Ng4e5 g5
22.Bf3xe4 Bc7xe5
23.fxe5 fxe4
24.Bc1d2 Rf8f5
25.Qe1e2 Nb8d7
26.b5 cxb5
27.Qe2xb5 Rf5xf1
28.Ra1xf1 Ra8b8
29.Qb5a6 Nd7f8
30.Bd2c3 Qe7b7
31.Qa6d6 Qb7c8
32.Bc3a5 Rb8b3
33.Ba5d8 Nf8d7
34.Qd6e7 Rb3xe3
35.Rf1f7 { abandon }1-0

[Event "Tournoi n27350"]
[Site "www.echecsemail.com"]
[Date "2026.02.04"]
[Round "1"]
[White "Gulliver"]
[Black "Boudon"]
[WhiteElo "2350"]
[BlackElo "2190"]
[Result "1-0"]
1.e4 c5
2.c3 Ng8f6
3.e5 Nf6d5
4.d4 cxd4
5.cxd4 d6
6.Ng1f3 g6
7.Bf1c4 Nd5b6
8.Bc4b3 Bf8g7
9.Nf3g5 O-O
10.e6 Nb8c6
11.exf7 Kh8
12.h4 e5
13.h5 Nc6xd4
14.hxg6 h6
15.Ng5e4 d5
16.Bc1xh6 dxe4
17.Bh6g5 { abandon }1-0

[Event "020226"]
[Site "www.echecsemail.com"]
[Date "2026.02.04"]
[Round "1"]
[White "Turbo"]
[Black "Mindthegap"]
[WhiteElo "1370"]
[BlackElo "1440"]
[Result "0-1"]
1.e4 e5
2.Ng1f3 Ng8f6
3.Bf1c4 Nf6xe4
4.Nf3xe5 d5
5.Bc4d3 Qd8g5
6.O-O Qg5xe5
7.Rf1e1 Bf8d6
8.f3 Qe5xh2
9.Kf1 Qh2h1
10.Ke2 Qh1xg2
11.Ke3 Bd6c5
{ abandon }0-1

[Event "Tournoi n27385"]
[Site "www.echecsemail.com"]
[Date "2026.02.04"]
[Round "1"]
[White "Fouvolant"]
[Black "Buzz84"]
[WhiteElo "1420"]
[BlackElo "1440"]
[Result "1-0"]
1.e4 c6
2.d4 d5
3.e5 Bc8f5
4.h4 h6
5.g4 Bf5h7
6.e6 fxe6
7.Bf1d3 Ng8f6
8.g5 Nf6e4
9.f3 Ne4g3
10.Bd3xh7 Ng3xh1
11.Bh7g6 Kd7
12.f4 Nh1g3
13.Qd1g4 Ng3e4
14.Ng1f3 Kc7
15.Nf3e5 Nb8d7
16.Ne5f7 Qd8c8
17.Nf7xh8 b6
18.Qg4xe6 Ne4d6
19.Nb1c3 Qc8a6
20.Nh8f7 Nd6xf7
21.Qe6xf7 Ra8d8
22.Qf7e6 Qa6c4
23.Bc1e3 Qc4b4
24.Ra1b1 Nd7b8
25.f5 Rd8d6
26.Qe6f7 Rd6d8
27.Qf7e6 Rd8d6
28.Be3f4 Qb4xd4
29.Nc3e2 Qd4c5
30.Bf4xd6 exd6
31.Qe6f7 Nb8d7
32.c3 d4
33.cxd4 Qc5b4
34.Kf2 a5
35.f6 hxg5
36.Bg6f5 { abandon }1-0

[Event "Défi"]
[Site "www.echecsemail.com"]
[Date "2026.02.04"]
[Round "1"]
[White "Mc2108"]
[Black "Serjo"]
[WhiteElo "1290"]
[BlackElo "1260"]
[Result "1-0"]
1.e4 e5
2.Ng1f3 Nb8c6
3.Nb1c3 h6
4.d3 Ng8f6
5.Nc3d5 g6
6.Bf1e2 Bf8g7
7.O-O O-O
8.Bc1e3 Kh7
9.a4 b6
10.c4 d6
11.Ra1b1 Nf6g8
12.b4 Nc6e7
13.Nd5c3 c6
14.b5 Bc8b7
15.d4 a5
16.bxc6 Bb7xc6
17.d5 Bc6b7
18.Qd1d2 Qd8d7
19.h3 Bb7a6
20.Rb1xb6 Ba6c8
21.Nc3b5 Qd7d8
22.Nb5xd6 Bc8a6
23.Qd2xa5 Ne7c8
24.Nd6xc8 Qd8xc8
25.Qa5c3 Qc8d7
26.Nf3xe5 Qd7e7
27.Ne5xg6 fxg6
28.Qc3c2 Ba6c8
29.d6 Qe7e5
30.Qc2d3 Bc8d7
31.c5 Ra8xa4
32.c6 Bd7xc6
33.Rb6xc6 Ra4a8
34.d7 Ra8d8
35.f4 Qe5b8
36.e5 Qb8b7
37.Be2f3 Rd8xd7
38.Qd3xg6 Kh8
39.e6 Rd7e7
40.Be3c5 Qb7xc6
41.Bf3xc6 { abandon }1-0

[Event "Coupe Niveau 5"]
[Site "www.echecsemail.com"]
[Date "2026.02.04"]
[Round "1"]
[White "Carrighir"]
[Black "Luc20"]
[WhiteElo "2110"]
[BlackElo "1810"]
[Result "1/2-1/2"]
1.e4 e6
2.d4 d5
3.Nb1c3 Bf8b4
4.Bf1d3 dxe4
5.Bd3xe4 Ng8f6
6.Bc1g5 O-O
7.Ng1f3 Nb8d7
8.O-O c6
9.Qd1e2 Qd8c7
10.a3 Bb4e7
11.Ra1d1 Rf8e8
12.h3 Nf6d5
13.Nc3xd5 cxd5
14.Bg5xe7 dxe4
15.Qe2xe4 Re8xe7
16.Nf3g5 g6
17.Ng5xh7 Kxh7
18.Qe4h4 Kg7
19.Qh4xe7 Qc7xc2
20.Rd1c1 Qc2xb2
21.Rf1d1 Qb2b3
22.h4 Nd7b6
23.Qe7g5 Qb3d5
24.Qg5g3 Bc8d7
25.Rc1c5 Qd5e4
26.h5 Nb6d5
27.Qg3g5 Ra8h8
28.hxg6 Qe4xg6
29.Qg5xg6 Kxg6
30.Rd1b1 Bd7c6
31.f3 a6
32.Kf2 Rh8h4
33.Rb1d1 Kf6
34.Kg3 Rh4h6
35.Rc5c1 Rh6g6
36.Kf2 Nd5f4
37.g4 Rg6h6
38.Rc1c5 Ke7
39.Ke3 Nf4d5
40.Kf2 Kd6
41.Rc5c1 Nd5f4
42.Rc1c3 Nf4d5
43.Rc3c1 Nd5f4
44.Ke3 Nf4d5
45.Kf2 Nd5f4
46.Ke3 Nf4d5
47.Kf2 1/2-1/2